02532nam a22003257i 4500001000800000003001000008007000500018008004100023040003500064041000800099043000700107084000700114100003500121245012900156264003100285300005800316336002700374337003300401338002800434504004200462520144300504650003101947650002801978650002002006700002702026700002302053700002502076700002102101773008402122B-12210CO-BoFNCPt|| 090820s2009 ck r spa d  aCO-BoFNCPbspacCO-BoFNCPerda aspa ack aA-1 aMorales, Leidy C.eautor.4aut10aExperiencias en el manejo integrado de la pudrición del cogollo (PC) de la palma de aceite, en la Zona Central Colombiana. 1aPalmira :bAscolfi,c2009. apáginas 57-61 :bTablas, gráficos, fotografías. atextobtxt2rdacontent asin mediaciónbn2rdamedia avolumenbnc2rdacarrier aIncluye referencias bibliográficas. aSe presentan los resultados de la experiencia de la implementación de un plan de manejo integrado de la pudrición de cogollo de la palma de aceite en la Zona Central en Colombia, en una plantación comercial, donde se incorporó en este plan el diagnóstico temprano usando la escala de evaluación de la severidad de 1 a 5, desarrollada por Cenipalma, que considera el porcentaje de área afectada en la flecha más joven de más de 30 cm de largo. Se identificaron 90 palmas en grados 3 y 4. Se adelantó un programa de aspersión con dos mezclas diferentes de productos para el control del Phytophthora sp., a todas las palmas en evaluación a intervalos de una o dos semanas, según la precipitación prevalente y a la eliminación del tejido afectado en los grados 3 y 4, antes del programa de aspersiones. Los resultados muestran la importancia de actuar en los estados más tempranos. En las intervenciones en grados de severidad 1 y 2 se logró mayor recuperación las palmas tratadas con Metalaxil + Kazugamicina, que a las palmas tratadas con Carbendazim + Kazugamicina y ambos tratamientos fueron mejores que las plantas control. En los grados 3 y 4 la tendencia fue similar pero la capacidad de recuperación de las palmas fue más baja. La implementación de un plan de manejo integrado de la enfermedad es una opción viable, cuando se tienen incidencias relativamente bajas y se actúa prontamente. 0aManejo integrado de plagas 0aPudrición del cogollo 0aPalma de aceite1 aMartínez L., Gerardo1 aSarria, Greicy A. 1 aTorres, Gabriel A. 1 aVarón, Francia0 aFitopatología Colombianagv. 32, no. 2 (Febrero 2009), p.57-61wA-x0120-0143